O nevyužitej príležitosti

Bibliographic Details
Main Authors: Šabík, Vincent, 1937- (Author), Matuška, Alexander, 1910-1975 (Author)
Format: Article
Language:Slovak
Subjects:

MARC

LEADER 00000nab a2200000 a 4500
001 vtls000479762
003 SK-MaSNL
005 20260304195853.0
008 120927c1992 xo 0 slo
015 |a SNBRB19rr/mm-uuuuu 
035 |a CL0479897 
040 |a SNKBUCL  |b slo  |c SNKBUCL  |e AACR2 
041 0 |a slo 
044 |a xo  |c SK 
080 |a 82.09(081)(048)  |2 1981 
080 |a 885.4-4(081)(048)  |2 1981 
080 |a 885.4-9(081)(048)  |2 1981 
100 1 |a Šabík, Vincent,  |d 1937-  |4 aut  |9 101798 
245 1 0 |a O nevyužitej príležitosti  |c Vincent Šabík 
600 1 7 |a Matuška, Alexander,  |d 1910-1975  |2 snkbucl  |9 257897 
655 7 |a články z novín a časopisov  |2 snkbucl  |9 267496 
655 7 |a články z odboru literárna veda a krásna literatúra  |2 snkbucl  |9 770045 
700 1 |a Matuška, Alexander,  |d 1910-1975  |4 aut  |9 257897 
773 0 |t Knižná revue  |g Roč. 2, č. 25-26 (1992), s. 3 
787 0 8 |i Rec.:  |a Matuška, Alexander  |t Celistvosť literatúry  |d Bratislava : Slovenský spisovateľ, 1991 
850 |a Slovenská národná knižnica v Martine  |a MTA001 
852 |a SNK  |b KIS3GCP 
958 |a RK 
958 |a LX 
992 |a RBX 
999 |c 3083360  |d 3085290